Normal view
MARC view
Entry Uniform Title
001 - CONTROL NUMBER
- control field: 39309
003 - CONTROL NUMBER IDENTIFIER
- control field: dpl
005 - DATE AND TIME OF LATEST TRANSACTION
- control field: 20120116153949.0
008 - FIXED-LENGTH DATA ELEMENTS
- fixed length control field: 120116|||a|||||| | ||| d
040 ## - CATALOGING SOURCE
- Original cataloging agency: dpl
- Transcribing agency: dpl
130 ## - HEADING--UNIFORM TITLE
- Uniform title: Know About Science
670 ## - SOURCE DATA FOUND
- Source citation: Work cat.: (dpl): Chawla, Anuj 39308, Machines /, 2011
670 ## - SOURCE DATA FOUND
- Source citation: Work cat.: (dpl): Chawla, Anuj 39308, Machines /, 2011
